000 00333nam a2200133Ia 4500
008 151001s9999||||xx |||||||||||||| ||und||
100 _aदुर्गा - भागवत
245 _aप्रासंगिका
250 _a1
260 _bवरदा बुक्स
260 _c1975
300 _a144
365 _b19
999 _c958992
_d958989